000 00525nam a2200181Ia 4500
001 7597
003 GE_BSU
008 181216s||||||||xx |||||||||||||| ||und||
040 _cGE_BSU
245 _aПсихология обучения, №7 июль 2013.
245 _cгл. ред. Б.П.Бархаев и др.
260 _aмосква.
260 _bИздателство СГУ.
260 _c2013.июль.
300 _a162ст.24см.
520 _aжурнал выходит12 раз в год.
942 _cCR
999 _c40950
_d40950